| Tag |
First Indicator |
Second Indicator |
Subfields |
| LEADER |
00000cam a2200000 4500 |
| 001 |
in00000061232 |
| 005 |
20151008051638.0 |
| 008 |
741016s1918 ilu 00010 eng u |
| 010 |
|
|
|a 19000080
|
| 035 |
|
|
|a (OCoLC)01041593
|
| 035 |
|
|
|9 AAG9158AM
|
| 040 |
|
|
|c COO
|d TXA
|d UtOrBLW
|
| 049 |
|
|
|a TXAM
|c [191448]
|
| 050 |
0 |
0 |
|a HX412
|b .K3
|
| 092 |
|
|
|a 335
|b K19
|
| 100 |
1 |
|
|a Katayama, Sen,
|d 1859-1933.
|
| 245 |
1 |
4 |
|a The labor movement in Japan /
|c by Sen Katayama.
|
| 264 |
|
1 |
|a Chicago :
|b C. H. Kerr & company,
|c [1918]
|
| 264 |
|
4 |
|c [©1918]
|
| 300 |
|
|
|a 147 pages :
|b frontispiece (portrait) ;
|c 17cm.
|
| 336 |
|
|
|a text
|b txt
|2 rdacontent
|
| 337 |
|
|
|a unmediated
|b n
|2 rdamedia
|
| 338 |
|
|
|a volume
|b nc
|2 rdacarrier
|
| 500 |
|
|
|a "Originally intended for the Internationalist socialist review during the year 1917."--Pref.
|
| 650 |
|
0 |
|a Socialism
|z Japan.
|
| 999 |
|
|
|a MARS
|
| 999 |
f |
f |
|s 976b413a-4655-376b-b829-12bcb7103925
|i 8e7c4456-80f0-3f9d-a45d-2df3cd715fb9
|t 0
|
| 952 |
f |
f |
|p ric
|a Texas A&M University
|b Rellis Campus
|c Joint Library Facility
|d Remote Storage
|t 0
|e HX412 .K3
|h Library of Congress classification
|i unmediated -- volume
|m A14800743671
|
| 998 |
f |
f |
|a HX412 .K3
|t 0
|l Remote Storage
|